书目信息 |
| 题名: |
2007古董拍卖年鉴
|
|
| 作者: | 《古董拍卖年鉴》编委会编 | |
| 分册: | 书画卷 | |
| 出版信息: | 长春 吉林出版集团有限责任公司 2007 |
|
| 页数: | 159页 | |
| 开本: | 26cm | |
| 丛书名: | ||
| 单 册: | ||
| 中图分类: | F724.787-54 , J222 , F724.59-54 | |
| 科图分类: | ||
| 主题词: | 中国画--拍卖--价格--中国--2007--图录--年鉴 , 法书--拍卖--价格--中国--2007--图录--年鉴 , 历史文物--拍卖--价格--中国--2007--图录--年鉴 | |
| 电子资源: | ||
| ISBN: | 978-7-80720-652-1 | |
| 000 | 00964nam0 2200265 450 | |
| 001 | 012007031831 | |
| 005 | 20070801165451.60 | |
| 010 | @a978-7-80720-652-1@dCNY78.00@z7-80720-652-7 | |
| 100 | @a20070428d2007 em y0chiy0110 ea | |
| 101 | 0 | @achi |
| 102 | @aCN@b220000 | |
| 105 | @aa igz 000yy | |
| 200 | 1 | @a2007古董拍卖年鉴@92007 gu dong pai mai nian jian@i书画卷@f《古董拍卖年鉴》编委会编 |
| 210 | @a长春@c吉林出版集团有限责任公司@d2007 | |
| 215 | @a159页@c图@d26cm | |
| 300 | @a2006年度最新拍卖成交记录 | |
| 330 | @a本书以彩色图文形式,对宋代至近现代及当代画家的作品进行了介绍,包括作者与时代、作品名称、作品尺寸、估价与成交价等。 | |
| 606 | 0 | @a中国画@x拍卖@x价格@y中国@z2007@j图录@j年鉴 |
| 606 | 0 | @a法书@x拍卖@x价格@y中国@z2007@j图录@j年鉴 |
| 606 | 0 | @a历史文物@x拍卖@x价格@y中国@z2007@j图录@j年鉴 |
| 690 | @aF724.787-54@v4 | |
| 690 | @aJ222@v4 | |
| 690 | @aF724.59-54@v4 | |
| 801 | 0 | @aCN@bRENTIAN@c20070801 |
| 905 | @a10447@dF724.59-54@e46 | |
| 2007古董拍卖年鉴.书画卷/《古董拍卖年鉴》编委会编.-长春:吉林出版集团有限责任公司,2007 |
| 159页:图;26cm |
| 2006年度最新拍卖成交记录 |
| ISBN 978-7-80720-652-1:CNY78.00 |
| 本书以彩色图文形式,对宋代至近现代及当代画家的作品进行了介绍,包括作者与时代、作品名称、作品尺寸、估价与成交价等。 |
| ● |
| 相关链接 |
|
|
|
|
正题名:2007古董拍卖年鉴
索取号:F724.59-54/46
 
预约/预借
| 序号 | 登录号 | 条形码 | 馆藏地/架位号 | 状态 | 备注 |
| 1 | 0800425 | 208004256 | 第一样本阅览室/ [索取号:F724.59-54/46] | 在馆 | |
| 2 | 0800426 | 208004265 | 第一借阅区/ [索取号:F724.59-54/46] | 在馆 | |
| 3 | 0800427 | 208004274 | 第一借阅区/ [索取号:F724.59-54/46] | 在馆 | |
| 4 | 0800428 | 208004283 | 第一借阅区/ [索取号:F724.59-54/46] | 在馆 | |
| 5 | 0800429 | 208004292 | 第一借阅区/ [索取号:F724.59-54/46] | 在馆 |